ბათუმის შოთა რუსთაველის სახელმწიფო უნივერსიტეტის ბიბლიოთეკა

ჭაბუკები დარჩნენ მარად (ბიბ.ჩანაწერი № 50023)

000 -LEADER
fixed length control field 01216nam a2200229Ia 4500
001 - CONTROL NUMBER
control field 16961
003 - CONTROL NUMBER IDENTIFIER
control field GE_BSU
008 - FIXED-LENGTH DATA ELEMENTS--GENERAL INFORMATION
fixed length control field 181216s||||||||xx |||||||||||||| ||und||
040 ## - CATALOGING SOURCE
Transcribing agency GE_BSU
080 ## - UNIVERSAL DECIMAL CLASSIFICATION NUMBER
Universal Decimal Classification number 821.353.1.09 + 821.353.1-94
100 ## - MAIN ENTRY--PERSONAL NAME
Personal name აგიაშვილი, ნიკა
245 ## - TITLE STATEMENT
Title ჭაბუკები დარჩნენ მარად
245 ## - TITLE STATEMENT
Remainder of title ლ. ასათიანის, ალ. საჯაიას, მ. გელოვანის, გ. ნაფეტვარიძის და სხვათა ცხოვრება და შემოქმედება
260 ## - PUBLICATION, DISTRIBUTION, ETC.
Place of publication, distribution, etc. თბილისი
260 ## - PUBLICATION, DISTRIBUTION, ETC.
Name of publisher, distributor, etc. ნაკადული
260 ## - PUBLICATION, DISTRIBUTION, ETC.
Date of publication, distribution, etc. 1971
300 ## - PHYSICAL DESCRIPTION
Extent 342გვ. : ილ. ; 20სმ
653 ## - INDEX TERM--UNCONTROLLED
Uncontrolled term ლ. ასათიანის, ალ. საჯაიას, მ. გელოვანის, გ. ნაფეტვარიძის და სხვათა ცხოვრება და შემოქმედება
653 ## - INDEX TERM--UNCONTROLLED
Uncontrolled term ქართული ლიტერატურის ისტორია და კრიტიკა
653 ## - INDEX TERM--UNCONTROLLED
Uncontrolled term ჭაბუკები დარჩნენ მარად
942 ## - ADDED ENTRY ELEMENTS (KOHA)
Koha item type წიგნი
ეგზემპლარები
Withdrawn status Lost status Damaged status Not for loan Date acquired Barcode Date last seen Price effective from Koha item type
        2018-12-17 21644 2018-12-17 2018-12-17 წიგნი